<?xml version="1.0" encoding="UTF-8"?>
<record
    xmlns:xsi="http://www.w3.org/2001/XMLSchema-instance"
    xsi:schemaLocation="http://www.loc.gov/MARC21/slim http://www.loc.gov/standards/marcxml/schema/MARC21slim.xsd"
    xmlns="http://www.loc.gov/MARC21/slim">

  <leader>00543nam a2200193 u 4500</leader>
  <datafield tag="999" ind1=" " ind2=" ">
    <subfield code="c">7771</subfield>
    <subfield code="d">7771</subfield>
  </datafield>
  <controlfield tag="001">991061021976706706</controlfield>
  <controlfield tag="003">OSt</controlfield>
  <controlfield tag="005">20230912140859.0</controlfield>
  <controlfield tag="008">      s2021    xx      r     000 0 cat d</controlfield>
  <datafield tag="020" ind1=" " ind2=" ">
    <subfield code="a">9788411730174</subfield>
  </datafield>
  <datafield tag="040" ind1=" " ind2=" ">
    <subfield code="a">CDMR</subfield>
    <subfield code="b">cat</subfield>
    <subfield code="c">CDMR</subfield>
  </datafield>
  <datafield tag="100" ind1=" " ind2=" ">
    <subfield code="a">Cernadas, C&#xE8;lia</subfield>
    <subfield code="9">4880</subfield>
  </datafield>
  <datafield tag="245" ind1=" " ind2=" ">
    <subfield code="a">Fora de focus</subfield>
    <subfield code="b">: La vida a les perif&#xE8;ries del m&#xF3;n</subfield>
    <subfield code="c">/ C&#xE8;lia Cernadas</subfield>
  </datafield>
  <datafield tag="260" ind1=" " ind2=" ">
    <subfield code="a">Barcelona</subfield>
    <subfield code="b">: Ara Llibres</subfield>
    <subfield code="c">, 2023</subfield>
  </datafield>
  <datafield tag="300" ind1=" " ind2=" ">
    <subfield code="a">246 p.</subfield>
  </datafield>
  <datafield tag="490" ind1=" " ind2=" ">
    <subfield code="a">Ara Pausa </subfield>
    <subfield code="v">; 18</subfield>
  </datafield>
  <datafield tag="650" ind1=" " ind2="0">
    <subfield code="9">797</subfield>
    <subfield code="a">Reportatges literaris</subfield>
  </datafield>
  <datafield tag="942" ind1=" " ind2=" ">
    <subfield code="2">udc</subfield>
    <subfield code="c">MON</subfield>
  </datafield>
  <datafield tag="952" ind1=" " ind2=" ">
    <subfield code="0">0</subfield>
    <subfield code="1">0</subfield>
    <subfield code="4">0</subfield>
    <subfield code="7">0</subfield>
    <subfield code="a">CDMR</subfield>
    <subfield code="b">CDMR</subfield>
    <subfield code="d">2023-09-12</subfield>
    <subfield code="e">Donaci&#xF3;</subfield>
    <subfield code="g">22.00</subfield>
    <subfield code="l">4</subfield>
    <subfield code="m">2</subfield>
    <subfield code="o">Dj /154</subfield>
    <subfield code="p">CDMR23090008</subfield>
    <subfield code="r">2024-12-19</subfield>
    <subfield code="s">2024-11-28</subfield>
    <subfield code="w">2023-09-12</subfield>
    <subfield code="y">MON</subfield>
  </datafield>
</record>
